| 000 | 00940nam a22001817a 4500 | ||
|---|---|---|---|
| 008 | 100623t xxu||||| |||| 00| 0 eng d | ||
| 082 |
_222 _a269.9255 _bح س ي |
||
| 100 |
_915152 _aالحسيني، عبد المحسن |
||
| 245 |
_aالمعرفة عند الحكيم الترمذي / _cعبد المحسن الحسيني |
||
| 260 |
_aالقاهرة : _bدار الكاتب العربي للطباعة والنشر، [ د.ت] _c[ د.ت] |
||
| 300 |
_a461 ص ؛ _c24 سم |
||
| 504 | _aببليوجرافية: 460- 461 | ||
| 600 |
_915154 _aالحكيم الترمذي _d - 285 ه _qمحمد بن علي بن الحسن بن بشير الترمذي |
||
| 650 |
_98297 _aالتصوف. |
||
| 650 |
_915156 _aالمتصوفون الايرانيون |
||
| 942 |
_2ddc _cBB |
||
| 999 |
_c14197 _d14197 |
||